=LDR 00000nam 2200000 4500 =001 INLIS000000000038248 =005 20140320131255.0 =006 =007 =008 Ind =035 ##$$a 0010-061300000038248 =041 ##$$a Ind =082 ##$$a 664.01 =090 ##$$a 664.01, Muc i =100 ##$$a Muchtadi, Tien R =245 ##$$a Ilmu pengetahuan bahan pangan, Tien R Muchtadi, Sugiyono, Fitriyono Ayustaningwarno =260 ##$$a Bandung $b Alfabeta $c 2010 =300 ##$$a vii,322 hlm, Ilus, 24 cm =650 ##$$a Teknologi Pangan =700 ##$$a Sugiyono =850 ##$$a NBPNMAT =990 ##$$a 90812/BPAP-NTB/2014 =990 ##$$a 92767/BPAP-NTB/2014 =990 ##$$a 21195440/BPAP-NTB/2014